000 00613nam a22002057a 4500
003 0
005 20251108094859.0
008 251108b xxu||||| |||| 00| 0 eng d
020 _a0-7553-0733-X
050 _aPS 3561.E3865
_b.K45 2003
100 _aKellerman, Jonathan,
_eauthor.
245 _aThe Conspiracy club /
_cJonathan Kellerman.
260 _aLondon :
_bHeadline Book Publishing,
_c2003.
300 _a406 pages ;
_c18 cm.
650 _aSuspense fiction.
650 _aPsychologists
_xFiction.
650 _aMurder
_xInvestigation
_vFiction.
650 _aSerial murderers
_xFiction.
942 _2lcc
_cBK
999 _c368532
_d368532